| 000 | 00680nam a2200229 a 4500 | ||
|---|---|---|---|
| 001 | 000088530 | ||
| 003 | AM-YEHGA | ||
| 005 | 20250617122012.0 | ||
| 008 | 991019s1957 ru |||||||||||||||||rus d | ||
| 040 | _aAM-YeHGA | ||
| 041 | 0 | _arus | |
| 100 | 1 | _aБрехман, Израиль Ицковиц | |
| 245 | 1 | 0 |
_aЖень-шень / _cИ.И. Брехман. |
| 260 |
_aЛенинград : _bМедгиз. Ленингр. отд-ние, _c1957. |
||
| 300 |
_a182 с. : _bил. ; _c23 см. |
||
| 504 | _aЛит. : с. 163-180 | ||
| 520 | 3 | _aЗакл. : с. 160-162 | |
| 650 | 1 | 4 | _aФармакология |
| 650 | 1 | 4 | _aЖеньшень |
| 942 |
_2udc _cBK |
||
| 090 | _c28364 | ||
| 999 |
_c28013 _d28013 |
||